00763cam a2200229 a 450000100100000000500170001000800410002702000150006804000250008308200240010810000410013224500930017325000110026626000320027730000280030949000290033750400520036665000240041865000260044270000340046883000310050200000547520210409114020.0941222s1994 sp a b 000 e spa c a8437610508 aDO-SdBNPbspacBNPHU a864.62bG216i, 1994 aGarcía Lorca, Federico,d1898-193610aImpresiones y paisajes /cFederico García Lorca ; edición de Rafael Lozano Miralles. a2a ed. aMadrid :bCátedra,c1994. a301 p. :bil. ;c18 cm.1 aLetras hispánicasv379 aIncluye referencias bibliográficas (p. 51-52) 4aEnsayos españoles 4aLiteratura española1 aLozano Miralles, Rafael,eed. 0aLetras hispánicas ;v379